I hid it under the sheets (Record no. 184570)
[ view plain ]
| 000 -LEADER | |
|---|---|
| fixed length control field | 01553nam a2200313Ia 4500 |
| 100 1# - MAIN ENTRY--AUTHOR NAME | |
| Personal name | Eskenazi, Gerald. |
| 245 10 - TITLE STATEMENT | |
| Title | I hid it under the sheets |
| 260 ## - PUBLICATION, DISTRIBUTION, ETC. (IMPRINT) | |
| Place of publication | Columbia : |
| Name of publisher | University of Missouri Press, |
| Year of publication | c2005. |
| 300 ## - PHYSICAL DESCRIPTION | |
| Number of Pages | x, 179 p. |
| 490 1# - SERIES STATEMENT | |
| Series statement | Sports and American culture series |
| 520 ## - SUMMARY, ETC. | |
| Summary, etc | "Personal narrative that documents radio's impact on American culture and values in the late 1930s, 1940s, and the early 1950s. Mentions the Lone Ranger, The Fat Man, and The Answer Man, and shows how important radio was to immigrants seeking to become a part of the American experience"--Provided by publisher. |
| 650 #0 - SUBJECT ADDED ENTRY--TOPICAL TERM | |
| Topical Term | Radio broadcasting |
| Topical Term | Radio broadcasting |
| 856 40 - ELECTRONIC LOCATION AND ACCESS | |
| Uniform Resource Identifier | http://site.ebrary.com/lib/rucke/Doc?id=10128975 |
No items available.
